Marxismo y cristianismo frente al hombre nuevo
Uloženo v:
| Hlavní autor: | |
|---|---|
| Médium: | Kniha |
| Jazyk: | španělština |
| Vydáno: |
Barcelona
Fontanella
1969
|
| Edice: | Nuevas Fronteras
|
| Témata: | |
| Tagy: |
Přidat tag
Žádné tagy, Buďte první, kdo vytvoří štítek k tomuto záznamu!
|
MARC
| LEADER | 00000nam a2200000 a 4500 | ||
|---|---|---|---|
| 001 | UCR2122 | ||
| 003 | CL-VaPUC | ||
| 008 | 980109e19690000SP |||||||||||||||||spa|d | ||
| 082 | 0 | 4 | |a 261.7 |b GON |2 21 |
| 100 | |a González Ruiz, José María |e author |9 586142 | ||
| 245 | 1 | 0 | |a Marxismo y cristianismo frente al hombre nuevo |
| 300 | |a 232 p | ||
| 942 | |c BK | ||
| 945 | |d 19980109 00:00:00 |a jquezada | ||
| 260 | |a Barcelona |b Fontanella |c 1969 | ||
| 650 | 7 | |a MARXISMO Y RELIGION |2 CL-VaPUC |9 373595 | |
| 650 | 0 | |a Marxismo y cristianismo |9 257339 | |
| 650 | 0 | |a Cristianismo |9 257361 | |
| 650 | 7 | |a IDEOLOGIAS RELIGIOSAS |2 CL-VaPUC |9 399823 | |
| 650 | 7 | |a MARXISMO |2 CL-VaPUC |9 399824 | |
| 650 | 0 | |a Razón |9 314475 | |
| 650 | 0 | |a Espiritualismo |9 334876 | |
| 650 | 0 | |a Cristianismo |9 257361 | |
| 583 | |a last modification |c 19980109 00:00:00 |k Rodrigo Vera | ||
| 490 | 0 | |a Nuevas Fronteras | |
| 999 | |c 265387 |d 265385 | ||
| 952 | |0 0 |1 0 |4 0 |6 261_700000000000000_GON_1969 |7 0 |8 A |9 296290 |a BIBTEO |b BIBTEO |d 2019-11-20 |i 3387135 |o 261.7 GON 1969 |p 3387135 |r 2025-01-17 |w 2019-11-20 |y BK |k ICR | ||